[Event "COL-ch Visually limited 3rd"]
[Site "Colombia"]
[Date "2012.11.27"]
[Round "5.14"]
[White "Luna Mendoza, Maximo"]
[Black "Alvarez, Rafael"]
[Result "0-1"]
[WhiteElo "1605"]
[BlackElo "1633"]
[PlyCount "54"]
[EventDate "2012.11.25"]
[EventType "swiss"]
[EventRounds "7"]
[EventCountry "COL"]
[SourceTitle "EXT 2024"]
[Source "ChessBase"]
[SourceDate "2023.10.10"]
[SourceVersion "1"]
[SourceVersionDate "2023.10.10"]
[SourceQuality "1"]

1. e4 c6 2. c3 d5 3. e5 Bf5 4. Na3 e6 5. Qf3 Nd7 6. Be2 Nxe5 7. Qf4 Bd6 8. b4 Nd3+ 9. Bxd3 Bxf4 10. Bxf5 exf5 11. Nh3 Qe7+ 12. Kd1 Qd6 13. g3 Bh6 14. Re1+ Ne7 15. d4 0-0 16. Bxh6 gxh6 17. Nf4 Ng6 18. Nxg6 fxg6 19. Kc2 f4 20. Re2 fxg3 21. fxg3 Qf6 22. g4 Rae8 23. Rae1 Rxe2+ 24. Rxe2 Qf3 25. Kd2 Qxg4 26. b5 Qf4+ 27. Ke1 Qc1# 0-1

[Event "COL-ch visually impaired 2nd"]
[Site "Cali"]
[Date "2008.10.27"]
[Round "5.13"]
[White "Sanchez, Alonso1111"]
[Black "Luna Mendoza, Maximo"]
[Result "1-0"]
[WhiteElo "1600"]
[BlackElo "1600"]
[PlyCount "21"]
[EventDate "2008.10.25"]
[EventType "swiss"]
[EventRounds "7"]
[EventCountry "COL"]
[SourceTitle "EXT 2024"]
[Source "ChessBase"]
[SourceDate "2023.10.10"]
[SourceVersion "1"]
[SourceVersionDate "2023.10.10"]
[SourceQuality "1"]

1. e4 e5 2. Nf3 Nc6 3. d4 Nxd4 4. Nxd4 Bd6 5. Be3 Nf6 6. Nc3 Qe7 7. f3 c5 8. Qd2 b6 9. Bd3 h6 10. f4 Bb7 11. g3 1-0

[Event "COL-ch visually impaired 2nd"]
[Site "Cali"]
[Date "2008.10.26"]
[Round "4.16"]
[White "Luna Mendoza, Maximo"]
[Black "Sanchez, Wilton"]
[Result "1-0"]
[WhiteElo "1600"]
[BlackElo "1600"]
[PlyCount "42"]
[EventDate "2008.10.25"]
[EventType "swiss"]
[EventRounds "7"]
[EventCountry "COL"]
[SourceTitle "EXT 2024"]
[Source "ChessBase"]
[SourceDate "2023.10.10"]
[SourceVersion "1"]
[SourceVersionDate "2023.10.10"]
[SourceQuality "1"]

1. e4 c5 2. Qh5 d6 3. Nf3 Nf6 4. Qh4 g6 5. Bc4 Bg7 6. Ng5 e6 7. Bb5+ Bd7 8. Bc4 Nc6 9. 0-0 0-0 10. b3 Ne5 11. Be2 d5 12. f4 Nc6 13. e5 Nh5 14. g4 Bh6 15. gxh5 Bxg5 16. fxg5 Nxe5 17. hxg6 Nxg6 18. Qh6 e5 19. Rf3 Bc6 20. Rf6 Qe7 21. Ba3 Rfc8 1-0